Statistics for Satellite Images #1

Click here to take the quiz!

General Stats

  • This quiz has been taken 48 times
    (34 since last reset)
  • The average score is 11 of 12

Answer Stats

Answer% Correct
Africa
97%
Australia
97%
Hawaii
97%
Iceland
97%
North America
97%
USA
94%
Antarctica
90%
Ireland
90%
Red Sea
90%
Scandinavia
90%
UK
90%
Caspian Sea
87%

Score Distribution

Percentile by Number Answered

Percent of People with Each Score

Your Score History

You have not taken this quiz since the last reset